000 00537nam a2200169Ia 4500
003 SGT
020 _a9780230638853
082 _a658.4034
_bSHA
100 _aSharma,J.K
245 _aOperations research
250 _a4th Ed.
260 _bMacmillan Publishers India Limted
_aNew Delhi
_c2009
300 _a958p.
650 _aOPERATION RESEARCH
653 _aOPERATIONS RESEARCH: INTRODUCTION,LINEAR PROGRAMMING: APPLICATION AND MODEL FORMULATION INTEGER LINEAR PROGRAMMING,GOAL PROGRAMMING TRANSPORTATION PROBLEM
942 _2ddc
_cBK
999 _c5276
_d5276